The conceptual development of quantum mechanics/ (Record no. 121780)
[ view plain ]
| 000 -LEADER | |
|---|---|
| fixed length control field | 00493nam a22001457a 4500 |
| 008 - FIXED-LENGTH DATA ELEMENTS--GENERAL INFORMATION | |
| fixed length control field | 150120b xxu||||| |||| 00| 0 eng d |
| 050 ## - LIBRARY OF CONGRESS CALL NUMBER | |
| Classification number | QC174.12.J63 1966 |
| 100 ## - MAIN ENTRY--PERSONAL NAME | |
| Personal name | Jammer, Max |
| 9 (RLIN) | 13414 |
| 245 ## - TITLE STATEMENT | |
| Title | The conceptual development of quantum mechanics/ |
| Statement of responsibility, etc | Max Jammer. |
| 260 ## - PUBLICATION, DISTRIBUTION, ETC. (IMPRINT) | |
| Place of publication, distribution, etc | New York: |
| Name of publisher, distributor, etc | McGraw-Hill Book Company, |
| Date of publication, distribution, etc | 1966. |
| 300 ## - PHYSICAL DESCRIPTION | |
| Extent | xii, 399p. |
| Dimensions | 23 cm. |
| 440 ## - SERIES STATEMENT/ADDED ENTRY--TITLE | |
| Title | International Series in Pure and Applied Physics |
| 9 (RLIN) | 14259 |
| 650 ## - SUBJECT ADDED ENTRY--TOPICAL TERM | |
| Topical term or geographic name as entry element | Quantum theory |
| 9 (RLIN) | 14260 |
| 942 ## - ADDED ENTRY ELEMENTS (KOHA) | |
| Source of classification or shelving scheme | Library of Congress Classification |
| Item type | Monograph ( Printed materials) |
| Withdrawn status | Lost status | Source of classification or shelving scheme | Damaged status | Not for loan | Collection code | Home library | Current library | Shelving location | Date acquired | Total Checkouts | Full call number | Barcode | Date last seen | Copy number | Price effective from | Koha item type |
|---|---|---|---|---|---|---|---|---|---|---|---|---|---|---|---|---|
| Library of Congress Classification | Main Collection | ARRUPE LIBRARY | ARRUPE LIBRARY | Main Collection | 20/01/2015 | QC174.12.J63 1966 | 46500003170 | 02/07/2019 | 1 | 20/01/2015 | Monograph ( Printed materials) |